| 000 | 00509nam a22001457a 4500 | ||
|---|---|---|---|
| 005 | 20170330112811.0 | ||
| 008 | 170330b xxu||||| |||| 00| 0 eng d | ||
| 040 | _cPK-LaUMT | ||
| 082 |
_aZIAC 297.082 _bJAL-M |
||
| 100 | _aجمال الدین عمری ، سید | ||
| 245 |
_aمسلمان عورت کے حقوق اور ان پر اعتراضات کا جائزہ/ _cسید جلال الدین عمری |
||
| 260 |
_aکراچی: _bاسلامک ریسرچ اکیڈمی، _c2008 |
||
| 300 | _a216 ص | ||
| 942 | _cBK | ||
| 999 |
_c92195 _d92195 |
||